000 00532nam a22001697a 4500
005 20251108170513.0
008 250721s1998 xx 000 0 ara d
082 1 4 _a301.072/طاح
100 1 _aأبو طاحون، عدلي علي
245 1 0 _aمناهج و إجراءات البحث الإجتماعي /
264 1 _aالإسكندرية :
_bالمكتب الجامعي الحديث،
_c1998.
300 _aج
650 1 7 _aالبحث
650 1 7 _aالأبحاث الإجتماعية
942 _2ddc
_cBK
999 _c42087
_d42087